Sports Quiz

Random Sports or Clickable Quiz

Josh Owen Quiz Stats

 Plays Quiz not verified by Sporcle

Challenge
Share
Tweet
Embed
Score 0/12 Timer 20:00
0 Plays Today
% Correct
Dale
100%
Dale
85.7%
l
71.4%
o
71.4%
p
71.4%
s
71.4%
k
57.1%
m
57.1%
n
57.1%
q
57.1%
r
57.1%
t
57.1%

You're not logged in!

Compare scores with friends on all Sporcle quizzes.
Join for Free
OR
Log In

You Might Also Like...

Show Comments

Extras

Created Mar 11, 2014ReportNominate
Tags:Clickable Quiz, josh, owen

Top Quizzes Today


Score Distribution

Your Account Isn't Verified!

In order to create a playlist on Sporcle, you need to verify the email address you used during registration. Go to your Sporcle Settings to finish the process.

Report this User

Report this user for behavior that violates our Community Guidelines.

Details: